| 000 | 00343nam a22001457a 4500 | ||
|---|---|---|---|
| 020 | _a81-8204-010-8 | ||
| 082 |
_a647.01 _bDIX |
||
| 100 | _aDIXIT, SAURBH | ||
| 245 | _aHOSPITALITY AND TOURISM MANAGEMENT | ||
| 260 |
_aDELHI _bAMAN PUBLISHER _c2006 |
||
| 300 | _a438 | ||
| 650 | _aHOSPITALITY MANAGEMENT | ||
| 653 | _aTOURISM | ||
| 942 |
_2ddc _cBK |
||
| 999 |
_c8122 _d8122 |
||